Responses for show #1174 - Thursday, October 12, 1989

Contestants

Stacie Macias, a homemaker from Lake Elsinore, California

John Meyer, a songwriter originally from New York City

Liza Taylor, a novelist originally from Washington, D.C. (whose 1-day cash winnings total $2,999)

Jeopardy! Round responses

ENGLAND
MOVIE SEQUELS
FURNITURE
SPORTS TRIVIA
REPTILES & AMPHIBIANS
INSERT COIN
    $100 9
House of Lords

John
    $100 5
Funny Lady

John
    $100 1
cradle

Liza
    $100 26
the draft

Stacie
    $100 21
bite

Liza
    $100 16
piggy bank

John
    $200 11
(John: What is the stock exchange?)

Bank of England

LizaJohn
    $200 8
(John: What is "Magnum?")
(Alex: Be more specific.)
(John: "Magnum .357?")

Magnum Force

JohnStacie
    $200 2
Martha Washington

Triple Stumper
    $200 27
Brian Boitano

Triple Stumper
    $200 25
change color

Liza
    $200 20
penny loafer

Stacie
    $300 10
Sir Francis Drake

Stacie
    $300 4
DA (district attorney)

Stacie
    $300 3
settee

John
    $300 28
ice hockey

Liza
    $300 24
(Alex: We have less than a minute to go in this round.)

lungs

Liza
    $300 19
(John: What were pay phones?)

parking meters

JohnStacie
    $400 12
Chumley

John
    $400 6
to college

Triple Stumper
    $400 15
(John: What is a chifferobe?)

armoire

JohnStacie
    $400 29
[end-of-round signal sounds]

their weight

Liza
    $400 22
crocodile

Liza
    $400 18
putting a coin in a slot machine

Liza
    $500 13
Henry VIII

John
    $500 7
A Shot in the Dark

Stacie
    $500 14
Beau Brummell

Stacie
    $500 23
(water) moccasin

John
    $500 17
Charon

John

Scores at the first commercial break (after clue 12):

Liza John Stacie
$300 $500 $1,300

Scores at the end of the Jeopardy! Round:

Liza John Stacie
$2,400 $1,400 $2,800

Double Jeopardy! Round responses

WORD ORIGINS
GEOGRAPHY
LITERATURE
THE SUPREME COURT
BROADWAY
NAME'S THE SAME
    $200 20
cosmetics

Liza
    $200 7
the Aleutians

Liza
    $200 15
(John: What is "The Missing"?)
...
(Alex: [*], yes. "Stories about him".)

Perry Mason

LizaJohn
    $200 2
Times Square

Liza
    $400 19
smorgasbord

Liza
    $400 8
the Jordan

Stacie
    $400 3
"The Hound of the Baskervilles"

Liza
    $1,000 12
(Alex: Don't you love the moment when the lady recognizes the correct response. Stacie?)

Grease

Stacie
    $400 21
(John: Who was Kefauver?)

Joe McCarthy

John
Triple Stumper
    $600 18
Jumbo

Stacie
    $600 9
Santo Domingo

Stacie
    $600 4
Kenya

Liza
    $600 26
(Liza: Who was Madison?)

Thomas Jefferson

LizaJohn
    $600 1
Annie Get Your Gun

Stacie
    $600 22
George Segal

Liza
    $800 17
Incas

Liza
    $800 10
Austria

Stacie
    $800 5
Colleen McCullough

Stacie
    $800 27
[end-of-round signal sounds]

ACLU (American Civil Liberties Union)

Stacie
    $800 13
Sardi's

John
    $800 23
(Alex: We have less than a minute to go.)

Adam Smith

John
    $1000 16
leviathan

Liza
    $1000 11
(John: What is Tyre?)

Palermo

John
Triple Stumper
    $1000 6
"Ethan Frome"

Liza
    $1000 25
Miranda

John
    $1000 14
[time's up]
(Alex: His name was--
(John [without ringing in]: Who is [*]?)
(Alex: Oh, you didn't ring in, John. But you did have the right response--"What was the [*] Theater?" You get to pick again, though.)

Brooks Atkinson

Triple Stumper
    $1000 24
Winston Churchill

Triple Stumper

Scores at the end of the Double Jeopardy! Round:

Liza John Stacie
$7,400 $3,000 $8,400

[wagering suggestions for these scores]

Final Jeopardy! Round responses

AMERICANA
JohnWho was John Adams?
$2,500
LizaWho was Jefferson Madison
$1,300
StacieWho was James Madison?
$6,400
James Madison

Final scores:

Liza John Stacie
$8,700 $500 $14,800
2nd place: Trip to Acapulco, Mexico + either the Jeopardy! box game or the Jeopardy! computer game 3rd place: Vita-Vac vacuum by Vita-Mix + either the Jeopardy! box game or the Jeopardy! computer game New champion: $14,800 + either the Jeopardy! box game or the Jeopardy! computer game

Game dynamics:

Coryat scores:

Liza John Stacie
$7,400 $3,000 $7,800
20 R
(including 1 DD),
1 W
12 R
(including 1 DD),
7 W
17 R
(including 1 DD),
0 W

Combined Coryat: $18,200

The J! Archive is created by fans, for fans. The Jeopardy! game show and all elements thereof, including but not limited to copyright and trademark thereto, are the property of Jeopardy Productions, Inc. and are protected under law. This website is not affiliated with, sponsored by, or operated by Jeopardy Productions, Inc. Join the discussion at JBoard.tv.